000 00581nam a2200241 a 4500
001 nice12345678
003 IN_TiNIC
005 20260116011830.0
008 050524s1966 enga grp 000 0 eng
020 _a
_c100
082 0 0 _a200
_bHAP
100 _aHappold, F C
245 _aReligious Faith and Twentieth Century Man
260 _aEngland
_bPenguin Book
_c1966
300 _a184p
500 _aincludes index and biblioraphy
505 2 _aBibliography, Index
650 _aReligion
700 1 _aHappold, F C
902 _bSRS
942 _cBK
999 _c4297
_d4297